MARC details
| 000 -CABECERA |
| campo de control de longitud fija |
02953cam a22006257a 4500 |
| 003 - IDENTIFICADOR DEL NÚMERO DE CONTROL |
| campo de control |
CHAP |
| 005 - FECHA Y HORA DE LA ÚLTIMA TRANSACCIÓN |
| campo de control |
20220329142133.0 |
| 008 - DATOS DE LONGITUD FIJA--INFORMACIÓN GENERAL |
| campo de control de longitud fija |
991011d1998 mx rs o00110 spa d |
| 010 ## - NÚMERO DE CONTROL DE LA BIBLIOTECA DEL CONGRESO |
| Número de control de LC |
79016 |
| 011 ## - ENLACE DEL NUMERO DE CONTROL DE LA BIBLIOTECA DEL CONGRESO [OBSOLETO] |
| Número de control de LC |
79988 |
| 020 ## - NÚMERO INTERNACIONAL ESTÁNDAR DEL LIBRO |
| Número Internacional Estándar del Libro |
970-13-2287-8 |
| 020 ## - NÚMERO INTERNACIONAL ESTÁNDAR DEL LIBRO |
| Número Internacional Estándar del Libro |
970-13-2288-6 |
| 020 ## - NÚMERO INTERNACIONAL ESTÁNDAR DEL LIBRO |
| Número Internacional Estándar del Libro |
970-13-2289-4 |
| 020 ## - NÚMERO INTERNACIONAL ESTÁNDAR DEL LIBRO |
| Número Internacional Estándar del Libro |
970-13-2291-6 |
| 020 ## - NÚMERO INTERNACIONAL ESTÁNDAR DEL LIBRO |
| Número Internacional Estándar del Libro |
970-13-2292-4 |
| 020 ## - NÚMERO INTERNACIONAL ESTÁNDAR DEL LIBRO |
| Número Internacional Estándar del Libro |
970-13-2293-2 |
| 020 ## - NÚMERO INTERNACIONAL ESTÁNDAR DEL LIBRO |
| Número Internacional Estándar del Libro |
970-13-2310-6 |
| 020 ## - NÚMERO INTERNACIONAL ESTÁNDAR DEL LIBRO |
| Número Internacional Estándar del Libro |
970-13-2311-4 |
| 020 ## - NÚMERO INTERNACIONAL ESTÁNDAR DEL LIBRO |
| Número Internacional Estándar del Libro |
970-13-2362-9 |
| 020 ## - NÚMERO INTERNACIONAL ESTÁNDAR DEL LIBRO |
| Número Internacional Estándar del Libro |
970-13-2363-7 |
| 020 ## - NÚMERO INTERNACIONAL ESTÁNDAR DEL LIBRO |
| Número Internacional Estándar del Libro |
970132286X |
| 035 ## - NÚMERO DE CONTROL DEL SISTEMA |
| Número de control de sistema |
90425 |
| 040 ## - FUENTE DE LA CATALOGACIÓN |
| Centro/agencia transcriptor |
CHAP |
| 082 04 - NÚMERO DE LA CLASIFICACIÓN DECIMAL DEWEY |
| Número de clasificación |
338.972 |
| Número de documento/Ítem |
I59 1998 Ags. |
| 110 2# - ENTRADA PRINCIPAL--NOMBRE DE ENTIDAD CORPORATIVA |
| Nombre de entidad corporativa o nombre de jurisdicción como elemento de entrada |
Instituto Nacional de Estadística, Geografía e Informática. México |
| 9 (RLIN) |
59304 |
| 245 10 - MENCIÓN DE TÍTULO |
| Título |
Cuaderno estadístico municipal : |
| Resto del título |
Aguascalientes |
| Mención de responsabilidad, etc. |
/por Instituto Nacional de Estadística, Geografía e Informática |
| 260 ## - PUBLICACIÓN, DISTRIBUCIÓN, ETC. |
| Lugar de publicación, distribución, etc. |
Aguascalientes, Ags. : |
| Nombre del editor, distribuidor, etc. |
Instituto Nacional de Estadística, Geografía e Informática, |
| Fecha de publicación, distribución, etc. |
1999. |
| 300 ## - DESCRIPCIÓN FÍSICA |
| Extensión |
v. |
| 500 ## - NOTA GENERAL |
| Nota general |
La biblioteca tiene :v.1 Aguascalientes.--v.2 Asientos.--v.3 Calvillo.--v.4 Cosío.--v.5 El Llano.--v.6 Jesús María.--v.7 Pabellón de Arteaga.--v.8 Rincón de Romos.-- v.9 San Francisco de los Romos.--v.10 San José de Gracia.--v.11 Tepezalá |
| 590 ## - NOTA LOCAL (RLIN) |
| Nota local |
BATCH-UPD |
| Procedencia (VM) [OBSOLETO] |
10 |
| Condición del los carretes individuales (VM) [OBSOLETO] |
20130110 |
| -- |
UCH01 |
| -- |
1450 |
| 590 ## - NOTA LOCAL (RLIN) |
| Nota local |
BATCH-UPD |
| Procedencia (VM) [OBSOLETO] |
10 |
| Condición del los carretes individuales (VM) [OBSOLETO] |
20130410 |
| -- |
UCH01 |
| -- |
0917 |
| 590 ## - NOTA LOCAL (RLIN) |
| Nota local |
BATCH-UPD |
| Procedencia (VM) [OBSOLETO] |
10 |
| Condición del los carretes individuales (VM) [OBSOLETO] |
20130914 |
| -- |
UCH01 |
| -- |
0340 |
| 590 ## - NOTA LOCAL (RLIN) |
| Nota local |
BATCH-UPD |
| Procedencia (VM) [OBSOLETO] |
10 |
| Condición del los carretes individuales (VM) [OBSOLETO] |
20130914 |
| -- |
UCH01 |
| -- |
2119 |
| 590 ## - NOTA LOCAL (RLIN) |
| Nota local |
CONVERSION |
| Procedencia (VM) [OBSOLETO] |
10 |
| Condición del los carretes individuales (VM) [OBSOLETO] |
20130109 |
| -- |
UCH01 |
| -- |
1344 |
| 650 14 - PUNTO DE ACCESO ADICIONAL DE MATERIA--TÉRMINO DE MATERIA |
| Término de materia o nombre geográfico como elemento de entrada |
Agricultura |
| Subdivisión general |
Estadisticas |
| Subdivisión geográfica |
Aguascalientes. |
| 9 (RLIN) |
1444 |
| 650 14 - PUNTO DE ACCESO ADICIONAL DE MATERIA--TÉRMINO DE MATERIA |
| Término de materia o nombre geográfico como elemento de entrada |
Aguascalientes |
| Subdivisión general |
Condiciones economicas. |
| 9 (RLIN) |
2594 |
| 650 14 - PUNTO DE ACCESO ADICIONAL DE MATERIA--TÉRMINO DE MATERIA |
| Término de materia o nombre geográfico como elemento de entrada |
Aguascalientes |
| Subdivisión general |
Condiciones sociales. |
| 9 (RLIN) |
2596 |
| 650 14 - PUNTO DE ACCESO ADICIONAL DE MATERIA--TÉRMINO DE MATERIA |
| Término de materia o nombre geográfico como elemento de entrada |
Aguascalientes |
| Subdivisión general |
Estadísticas. |
| 9 (RLIN) |
2600 |
| 650 14 - PUNTO DE ACCESO ADICIONAL DE MATERIA--TÉRMINO DE MATERIA |
| Término de materia o nombre geográfico como elemento de entrada |
Ganadería |
| Subdivisión general |
Estadísticas |
| Subdivisión geográfica |
Aguascalientes. |
| 9 (RLIN) |
44703 |
| 650 14 - PUNTO DE ACCESO ADICIONAL DE MATERIA--TÉRMINO DE MATERIA |
| Término de materia o nombre geográfico como elemento de entrada |
México |
| Subdivisión general |
Municipios. |
| 9 (RLIN) |
76781 |
| 901 ## - ELEMENTOS DE DATOS A LOCAL LDA (RLIN) |
| a |
BK |
| 905 ## - ELEMENTOS DE DATOS E LOCAL, LDE (RLIN) |
| a |
Lilia Sánchez G. |
| 942 ## - ELEMENTOS DE PUNTO DE ACCESO ADICIONAL (KOHA) |
| Tipo de ítem Koha |
Libro |
| 949 ## - PROCESAMIENTO DE INFORMACIÓN LOCAL (OCLC) |
| a |
338.972 I59 1998 Ags. |
| b |
BC |
| c |
INEGI |
| d |
33724000737623 |
| e |
INEGI |
| f |
v.6 |
| h |
96546 |
| i |
90425 |
| s |
b |
| 949 ## - PROCESAMIENTO DE INFORMACIÓN LOCAL (OCLC) |
| a |
338.972 I59 1998 Ags. |
| b |
BC |
| c |
INEGI |
| d |
33724000737748 |
| e |
INEGI |
| f |
v.5 |
| h |
96545 |
| i |
90425 |
| s |
b |
| 949 ## - PROCESAMIENTO DE INFORMACIÓN LOCAL (OCLC) |
| a |
338.972 I59 1998 Ags. |
| b |
BC |
| c |
INEGI |
| d |
33724000737755 |
| e |
INEGI |
| f |
v.11 |
| h |
96551 |
| i |
90425 |
| s |
b |
| 949 ## - PROCESAMIENTO DE INFORMACIÓN LOCAL (OCLC) |
| a |
338.972 I59 1998 Ags. |
| b |
BC |
| c |
INEGI |
| d |
33724000737862 |
| e |
INEGI |
| f |
v.4 |
| h |
96544 |
| i |
90425 |
| s |
b |
| 949 ## - PROCESAMIENTO DE INFORMACIÓN LOCAL (OCLC) |
| a |
338.972 I59 1998 Ags. |
| b |
BC |
| c |
INEGI |
| d |
33724000737870 |
| e |
INEGI |
| f |
v.10 |
| h |
96550 |
| i |
90425 |
| s |
b |
| 949 ## - PROCESAMIENTO DE INFORMACIÓN LOCAL (OCLC) |
| a |
338.972 I59 1998 Ags. |
| b |
BC |
| c |
INEGI |
| d |
33724000737987 |
| e |
INEGI |
| f |
v.3 |
| h |
96541 |
| i |
90425 |
| s |
b |
| 949 ## - PROCESAMIENTO DE INFORMACIÓN LOCAL (OCLC) |
| a |
338.972 I59 1998 Ags. |
| b |
BC |
| c |
INEGI |
| d |
33724000737995 |
| e |
INEGI |
| f |
v.9 |
| h |
96549 |
| i |
90425 |
| s |
b |
| 949 ## - PROCESAMIENTO DE INFORMACIÓN LOCAL (OCLC) |
| a |
338.972 I59 1998 Ags. |
| b |
BC |
| c |
INEGI |
| d |
33724000738100 |
| e |
INEGI |
| f |
v.2 |
| h |
96542 |
| i |
90425 |
| s |
b |
| 949 ## - PROCESAMIENTO DE INFORMACIÓN LOCAL (OCLC) |
| a |
338.972 I59 1998 Ags. |
| b |
BC |
| c |
INEGI |
| d |
33724000738118 |
| e |
INEGI |
| f |
v.8 |
| h |
96548 |
| i |
90425 |
| s |
b |
| 949 ## - PROCESAMIENTO DE INFORMACIÓN LOCAL (OCLC) |
| a |
338.972 I59 1998 Ags. |
| b |
BC |
| c |
INEGI |
| d |
33724000738225 |
| e |
INEGI |
| f |
v.1 |
| h |
96541 |
| i |
90425 |
| s |
b |
| 949 ## - PROCESAMIENTO DE INFORMACIÓN LOCAL (OCLC) |
| a |
338.972 I59 1998 Ags. |
| b |
BC |
| c |
INEGI |
| d |
33724000738233 |
| e |
INEGI |
| f |
v.7 |
| h |
96547 |
| i |
90425 |
| s |
b |